000 00888nam a22001937a 4500
005 20250106170520.0
010 _aHN-129161
020 _a9788193324301
_c500.00
035 _aHN-101507
037 _bDBAD
082 _a954.084
100 _aधामा, तेजपाल सिंह
_975942
245 _aभारत का प्रथम स्वतंत्रता संग्राम/
_cतेजपाल सिंह धामा
250 _aप्रथम
260 _aदिल्ली
_bविनोद बुक हाउस
_c2024
270 _aए-55/ बी दितीय तल, गली नं 6 जगापुरी एक्सटेंशन
_b दिल्ली
_e110093
_k9873620352
_mvbhouse2018@gmail.com
300 _a159पृ.
_c22 सेमी (सजिल्द)
942 _2ddc
_cHN
_h954.0841
_mधामाते
999 _c208097
_d208097